| 000 | 01512nam a2200385 c 4500 | ||
|---|---|---|---|
| 003 | BLK | ||
| 005 | 20180422105824.0 | ||
| 008 | 180409b bul|||||r ||||||| ||bul|| | ||
| 010 | _aKNG00113355000 | ||
| 020 |
_a954-730-192-6 _bиздат.: Сиби |
||
| 040 | _aBLK | ||
| 041 |
_aBUL _cBUL |
||
| 080 |
_aОблигационно право. Задължения, договори, споразумения _b347.4 _x(497.2)(075) _z347.4(497.2)(075) |
||
| 100 | 1 |
_aМарков, Методи Марков _eпърви автор _9368911 |
|
| 139 |
_aМарков, Методи Марков _bМ 32 |
||
| 245 | 1 | 0 |
_aОблигационно право _bПомагало _cМетоди Марков Марков. |
| 257 | _aBGR | ||
| 260 |
_аСофия _bСиби _c2004 |
||
| 300 |
_a368 с. _c19 см |
||
| 380 | _a3 | ||
| 490 | 1 | _aПоредица Modus studendi : Преглед на изпитната материя | |
| 500 | _aОфс. изд. - Библиогр. след отд. разд. | ||
| 650 | 4 |
_aОблигационно право - България - учебници за ВУЗ _9260232 |
|
| 651 | 4 |
_aБългария _9241624 |
|
| 653 | _aоблигационно право | ||
| 653 | _aучебни помагала | ||
| 653 | _aсобственост | ||
| 653 | _aдоговори | ||
| 653 | _aБългария | ||
| 852 | _aЦб 219828 | ||
| 856 | 4 |
_qpdf _u |
|
| 856 | 4 |
_qpdf _u |
|
| 942 |
_cKNG _n0 |
||
| 944 |
_aCR _c02.06.2004 _lф / _kЛюдмила_Стоянова |
||
| 944 |
_aED _c27.09.2012 _lф / _k |
||
| 999 |
_c108057 _d108057 |
||